LDR 00902naa#a2200181#i#450# 001 RU\\bibl\126802 005 20260702000515.4 011 ## _a1815-588X 100 ## _a20260630b2026####ek#y0rusy0150####ca 102 ## _aRU 200 1# _aПовышение управляемости системы пневматического торможения грузового поезда _eЖурнальная статья 210 1# _aСанкт-Петербург _cФГБОУ ВО "Петербургский государственный университет путей сообщения Императора Александра I" _d2026 215 ## _a14 с. 608 ## _aЖурнальная статья _2local 675 ## _aМоторные вагоны. 629.423.25 _z 700 #1 _aТанаев _gВалерий Фаритович 700 #1 _aРогов _gАлександр Михайлович 856 4# _aatjournal.ru _u